Guess the Most Famous Memes of 2020 - Statistics

General Stats
  • This quiz has been taken 43 times
  • The average score is 14 of 75
Answer Stats
Picture Answer % Correct
Among Us
98%
Coffin Dance
85%
Baby Yoda
65%
Pickle Rick
55%
Are Ya Winning, Son?
53%
Covid-19 (Coronavirus Memes)
50%
Get Stickbugged Lol
45%
Wide Putin
43%
Polish Cow (Tylko Jedno W Głowie Mam)
40%
Drip Goku
38%
Siren Head
38%
Delivery Dance
33%
The Man Behind the Slaughter
33%
A Man Has Fallen into the River in Lego City
30%
Karens
30%
Distraction Dance
28%
Wait, It's All X? Always Has Been
28%
Big Floppa
25%
Da Vinki
25%
Ice Age Baby
25%
Pop Cat
25%
Spongebob "Let's Go" Reactions
25%
Among Us Drip
23%
Understandable, Have a Nice Day
23%
WOO, YEAH BABY!
23%
Dancing Triangle
20%
Walter White Falling Over
20%
Hai Phút Hơn (Zero Two Dance)
18%
Juan
18%
Baka Mitai (Dame Da Ne)
15%
Comically Large Spoon
15%
Fine, I Guess You Are my Little Pogchamp
15%
JFK Clone High
15%
Knuckles Approves Memes
15%
Npesta Kenos Reaction
15%
Sweaty Speedrunner
15%
Wake Up
15%
Lamar RoastS Franklin
13%
Let Me Put It in a Language You Can Understand
13%
Mario Party Anti-Piracy Screens
13%
American Cup Song
10%
Cat Vibing to Llevan Polkka
10%
Hey Sh*tass
10%
Leonardo DiCaprio Laughing
10%
Oh, You Like X? Name Every Y
10%
Thanos Beatbox
10%
Veggietales Weed Eater
10%
Yandere Dev Discord Ban Speedrun
10%
You Are Going to Brazil
10%
Cover Yourself in Oil
8%
Crazy Hamburger
8%
Everything Is Cake
8%
Femboy Hooters
8%
Mr. Douchebag
8%
Petting Hand
8%
Quagmire Turning Into a Toilet
8%
SM64 Wario Apparition
8%
When the Imposter is Sus
8%
21st Century Humor
5%
But If You Close Your Eyes
5%
Carson Shearer Dance
5%
Doctor T Boom Beach
5%
Hey, Wanna Listen to Some Tunes?
5%
Picture My Booty Up in 3D
5%
Swole Doge vs. Crying Cheems
5%
Trollge
5%
Two Soyjacks Pointing
5%
Xue Hua Piao Piao
5%
Coraline's Dad Being Tired
3%
Don't Turn Me Into a Marketable Plushie
3%
Hellpig at the Door
3%
Ring Doorbell Guy
3%
Jonathan Galindo
0%
Phart Fish
0%
Shawty Like a Melody
0%
No matching quizzes found
Score Distribution
Percent of People with Each Score
Percentile by Number Answered
Your Score History
You have not taken this quiz